Statistics for Rolling Stone's 100 Best Debut Albums

Click here to take the quiz!

General Stats

  • This quiz has been taken 172 times
  • The average score is 38 of 100

Answer Stats

AlbumArtist% Correct
Please Please MeThe Beatles
89%
L__ Z_______Led Zeppelin
87%
Appetite for DestructionGuns N Roses
84%
Never Mind the BollocksSex Pistols
80%
Straight Outta ComptonN.W.A.
79%
Piper at the Gates of DawnPink Floyd
78%
V__ H____Van Halen
78%
Licensed to IllBeastie Boys
76%
______ ___________ and NicoVelvet Underground
73%
Sings My GenerationThe Who
70%
BoyU2
66%
Greetings from Asbury Park, N.J.Bruce Springsteen
66%
R___ A______ T__ M______Rage Against the Machine
66%
HorsesPatti Smith
63%
Definitely MaybeOasis
63%
Get Rich or Die Tryin'50 Cent
63%
Mr. Tambourine ManThe Byrds
63%
The College DropoutKanye West
61%
I Just Can't Stop ItThe English Beat
61%
MurmurR.E.M.
61%
TenPearl Jam
60%
E____ P______Elvis Presley
60%
Kill 'Em AllMetallica
59%
(Pronounced L______ S_______)Lynyrd Skynyrd
57%
Outlandos d'AmourThe Police
55%
N__ Y___ D____New York Dolls
54%
Come Away with MeNorah Jones
53%
Reasonable DoubtJay-Z
52%
Whatever People Say I Am, That’s What I’m NotArctic Monkeys
52%
M______Madonna
52%
T__ D____The Doors
51%
Are You ___________Jimi Hendrix Experience
49%
Is This ItThe Strokes
48%
T__ C____The Clash
48%
Music from Big PinkThe Band
46%
The FameLady Gaga
46%
Enter the __-____ (36 Chambers)Wu-Tang Clan
45%
Look SharpJoe Jackson
45%
Ready to DieThe Notorious B.I.G.
43%
My Aim Is TrueElvis Costello
43%
Are We Not Men? We Are ____Devo
43%
Hot FussKillers
42%
IllmaticNas
41%
She's So UnusualCyndi Lauper
39%
GraceJeff Buckley
39%
Marquee MoonTelevision
39%
good kid, m.A.A.d cityKendrick Lamar
38%
Unknown PleasuresJoy Division
37%
DummyPortishead
37%
FuneralArcade Fire
37%
PsychocandyJesus and Mary Chain
36%
Here's L_____ R______Little Richard
34%
T__ R______The Ramones
34%
The Blue AlbumWeezer
34%
Slanted and EnchantedPavement
30%
F____ F________Franz Ferdinand
30%
Pretty Hate MachineNine Inch Nails
30%
77Talking Heads
30%
T__ S____ R____Stone Roses
29%
W______ H______Whitney Houston
28%
T__ S_____The Smiths
28%
Oracular SpectacularMGMT
28%
B____ S______Black Sabbath
27%
For Emma, Forever AgoBon Iver
27%
Exile in GuyvilleLiz Phair
27%
HomeworkDaft Punk
26%
Three Feet High And RisingDe La Soul
26%
Beauty and the BeatThe Go-Go's
25%
Endtroducing...DJ Shadow
25%
Supa Dupa FlyMissy Elliott
25%
Pink FlagWire
23%
DryP.J. Harvey
23%
V______ F_____Violent Femmes
21%
Paid In FullErik B. and Rakim
21%
Entertainment!Gang of Four
20%
R__-___Run-DMC
20%
T__ C___The Cars
20%
Upstairs at Eric'sYaz
19%
Los AngelesX
19%
B_____Boston
19%
Fever to TellYeah Yeah Yeahs
18%
ArularM.I.A.
18%
Up the BracketThe Libertines
17%
TidalFiona Apple
17%
Thank Me LaterDrake
16%
P_________Pretenders
15%
What's the 411?Mary J. Blige
14%
The Gilded Palace of SinFlying Burrito Brothers
14%
_-__'_The B-52's
13%
#1 RecordBig Star
13%
V______ W______Vampire Weekend
13%
T__ S______The Stooges
11%
R___ M____Roxy Music
9%
Mass RomanticNew Pornographers
5%
M___ G____Moby Grape
4%
__The XX
4%
Give UpThe Postal Service
3%
Heart of ___ ______The Congos
2%
M_____ L_____Modern Lovers
2%
Almost Killed MeThe Hold Steady
2%

Score Distribution

Percentile by Number Answered

Percent of People with Each Score

Your Score History

You have not taken this quiz